[Event "2. Bundesliga West 2013/14"]
[Site "Salzburg"]
[Date "2013.10.18"]
[Round "1"]
[Board "6"]
[White "Huber, David"]
[Black "Loeffler, Christoph"]
[Result "1/2-1/2"]
[WhiteElo "2122"]
[BlackElo "2167"]
[PlyCount "100"]
[EventDate "2013.10.18"]
[EventType "team"]
[EventRounds "11"]
[EventCountry "AUT"]
[WhiteTeam "Schwarzach"]
[BlackTeam "ASK Salzburg 1"]

1. d4 d5 2. Nf3 e6 3. e3 Nf6 4. Bd3 c5 5. b3 Nc6 6. Bb2 cxd4 7. exd4 Be7 8.
Nbd2 O-O 9. a3 Nd7 10. O-O Bf6 11. Qe2 Qb6 12. Rae1 g6 13. Qe3 Bg7 14. Qf4 Qd8
15. Ne5 Ncxe5 16. dxe5 Nc5 17. Be2 b6 18. b4 Na4 19. Bd4 f6 20. exf6 Bxf6 21.
Nf3 Nc3 22. Bd3 Ne4 23. Qe3 Nd6 24. Ne5 Nf5 25. Bxf5 exf5 26. f4 Ba6 27. Rf3
Rc8 28. c3 Bb5 29. g4 Bg7 30. g5 Re8 31. h4 Re7 32. h5 Be8 33. hxg6 Bxg6 34.
Rh3 Qe8 35. Qf2 Rc4 36. Rhe3 Bxe5 37. Rxe5 Rxe5 38. Rxe5 Qd7 39. Qe3 Rc7 40.
Qf3 Bf7 41. Qh3 Bg6 42. Qh1 Bf7 43. g6 Bxg6 44. Rxd5 Qe8 45. Qh4 Rd7 46. Rxd7
Qxd7 47. Qf6 b5 48. Kf2 Be8 49. Kg3 h5 50. Qh8+ Kf7 1/2-1/2

[Event "2. Bundesliga West 2013/14"]
[Site "Salzburg"]
[Date "2013.10.18"]
[Round "1"]
[Board "1"]
[White "Medvegy, Zoltan"]
[Black "Arnaudov, Petar"]
[Result "1-0"]
[WhiteElo "2516"]
[BlackElo "2451"]
[PlyCount "101"]
[EventDate "2013.10.18"]
[EventType "team"]
[EventRounds "11"]
[EventCountry "AUT"]
[WhiteTeam "Ranshofen"]
[BlackTeam "SIR Bernhard 2"]

1. Nf3 Nf6 2. g3 d5 3. Bg2 e6 4. O-O Be7 5. c4 O-O 6. d4 dxc4 7. Ne5 Nc6 8.
Bxc6 bxc6 9. Nxc6 Qe8 10. Nxe7+ Qxe7 11. Qc2 c5 12. Qxc4 cxd4 13. Qxd4 e5 14.
Qh4 Rb8 15. b3 Qb7 16. Nc3 Qc6 17. Bb2 Bb7 18. e4 Nxe4 19. Qxe4 Qxe4 20. Nxe4
Bxe4 21. Bxe5 Rbd8 22. Rac1 Rd5 23. f4 f6 24. Bc3 Rfd8 25. Rfe1 f5 26. Kf2 Kf7
27. Be5 R8d7 28. Re2 h5 29. Rc7 Rxc7 30. Bxc7 Rc5 31. Bb8 a6 32. Ke3 Rc2 33.
Rxc2 Bxc2 34. Kd4 Ke6 35. Kc5 Bd3 36. Bc7 g6 37. Bd8 Be2 38. Bg5 Bd3 39. Bd8
Be2 40. Bg5 Bd3 41. Bh4 Be2 42. Kc6 Bf3+ 43. Kb6 Be2 44. a4 Kd7 45. b4 Bd1 46.
Kxa6 Bxa4 47. b5 Bd1 48. Kb7 Bf3+ 49. Kb8 Be2 50. b6 Kd6 51. Ka7 1-0

[Event "2. Bundesliga West 2013/14"]
[Site "Salzburg"]
[Date "2013.10.18"]
[Round "1"]
[Board "3"]
[White "Dovzik, Juri"]
[Black "Pitl, Gregory"]
[Result "1-0"]
[WhiteElo "2335"]
[BlackElo "2397"]
[PlyCount "67"]
[EventDate "2013.10.18"]
[EventType "team"]
[EventRounds "11"]
[EventCountry "AUT"]
[WhiteTeam "Ranshofen"]
[BlackTeam "SIR Bernhard 2"]

1. d4 Nf6 2. Nf3 d5 3. c4 dxc4 4. e3 Bg4 5. Bxc4 e6 6. h3 Bh5 7. Nc3 a6 8. Be2
Nc6 9. O-O Bd6 10. b3 O-O 11. Bb2 Qe7 12. Ne5 Bxe2 13. Nxc6 Bxd1 14. Nxe7+ Bxe7
15. Rfxd1 Rfd8 16. Rac1 c5 17. Ba3 b6 18. dxc5 bxc5 19. Na4 Rxd1+ 20. Rxd1 Rc8
21. Bxc5 Kf8 22. b4 Nd5 23. a3 a5 24. e4 axb4 25. Bxe7+ Nxe7 26. axb4 Rb8 27.
b5 Ke8 28. b6 Nc8 29. Rb1 Kd7 30. Rd1+ Ke7 31. Rb1 Kd7 32. Nc5+ Kd6 33. b7 Nb6
34. Nxe6 1-0

[Event "2. Bundesliga West 2013/14"]
[Site "Salzburg"]
[Date "2013.10.18"]
[Round "1"]
[Board "4"]
[White "Durakovic, Alman"]
[Black "Riediger, Martin"]
[Result "1/2-1/2"]
[WhiteElo "2272"]
[BlackElo "2264"]
[PlyCount "97"]
[EventDate "2013.10.18"]
[EventType "team"]
[EventRounds "11"]
[EventCountry "AUT"]
[WhiteTeam "SIR Bernhard 2"]
[BlackTeam "Ranshofen"]

1. d4 d6 2. c4 f5 3. g3 Nf6 4. Bg2 e5 5. dxe5 dxe5 6. Qxd8+ Kxd8 7. Nf3 Bb4+ 8.
Nbd2 Re8 9. a3 Bf8 10. e4 fxe4 11. Ng5 Nc6 12. O-O Nd4 13. Ndxe4 Bg4 14. Be3
Be2 15. Rfe1 Bxc4 16. Bxd4 exd4 17. Rad1 d3 18. Bf1 Nxe4 19. Nxe4 c6 20. Bxd3
Bxd3 21. Rxd3+ Kc7 22. Kg2 Re5 23. f4 Re6 24. Kf3 Rae8 25. Rde3 Kd7 26. f5 Re5
27. Nc5+ Rxc5 28. Rxe8 Rxf5+ 29. Kg2 Bc5 30. R1e2 Rf7 31. R8e4 Be7 32. Rd2+ Kc7
33. Rf2 Bf6 34. Rd2 c5 35. Rc2 Kd6 36. Ra4 b6 37. Rf4 Re7 38. Kf3 Kd5 39. b3
Re1 40. Rd2+ Bd4 41. Kg4 Re3 42. Rf7 Ke6 43. Rxa7 Rxb3 44. a4 b5 45. axb5 Rxb5
46. Kf3 Rb3+ 47. Ke2 Kf6 48. Rd3 Rb2+ 49. Rd2 1/2-1/2

[Event "2. Bundesliga West 2013/14"]
[Site "Salzburg"]
[Date "2013.10.18"]
[Round "1"]
[Board "5"]
[White "Knechtel, Roland"]
[Black "Huch, Reiner"]
[Result "0-1"]
[WhiteElo "2205"]
[BlackElo "2334"]
[PlyCount "74"]
[EventDate "2013.10.18"]
[EventType "team"]
[EventRounds "11"]
[EventCountry "AUT"]
[WhiteTeam "Ranshofen"]
[BlackTeam "SIR Bernhard 2"]

1. d4 d5 2. c4 dxc4 3. Nf3 Nf6 4. e3 Bg4 5. Bxc4 e6 6. h3 Bh5 7. g4 Bg6 8. Ne5
Be4 9. f3 Bd5 10. Bb5+ c6 11. Be2 c5 12. e4 Bc6 13. g5 Nh5 14. Be3 Ng3 15. Rh2
Nxe2 16. Rxe2 Bd6 17. Nc3 Qe7 18. Qd2 Nd7 19. Nxd7 Bxd7 20. O-O-O c4 21. Qc2
Bb4 22. f4 O-O 23. h4 b5 24. h5 Bxc3 25. Qxc3 b4 26. Qc2 Rfc8 27. Kb1 b3 28.
Qc3 bxa2+ 29. Ka1 Rab8 30. Rc1 Rb3 31. Qa5 Bb5 32. Rc3 Qb7 33. Bd2 Rxb2 34.
Kxb2 Ba4+ 35. Kxa2 Rb8 36. Bc1 Qb1+ 37. Ka3 Rb3+ 0-1

[Event "2. Bundesliga West 2013/14"]
[Site "Salzburg"]
[Date "2013.10.19"]
[Round "2"]
[Board "1"]
[White "Berchtenbreiter, Maximilian"]
[Black "Bayer, Bernhard"]
[Result "1/2-1/2"]
[WhiteElo "2427"]
[BlackElo "2444"]
[PlyCount "51"]
[EventDate "2013.10.18"]
[EventType "team"]
[EventRounds "11"]
[EventCountry "AUT"]
[WhiteTeam "Kufstein / Woergl"]
[BlackTeam "Schwaz"]

1. e4 e5 2. Bc4 Nf6 3. d3 Nc6 4. Nf3 Be7 5. c3 O-O 6. Bb3 d6 7. h3 Na5 8. Bc2
c5 9. Nbd2 b5 10. Qe2 Be6 11. Nf1 Nc6 12. g4 d5 13. Ng3 b4 14. Ba4 Rc8 15. Bxc6
Rxc6 16. c4 dxc4 17. dxc4 Qc7 18. b3 a5 19. Bb2 Nd7 20. Nf5 Ra8 21. a4 bxa3 22.
Rxa3 Rca6 23. Bc3 Qb7 24. Bd2 Bf6 25. Bc3 a4 26. O-O 1/2-1/2

[Event "2. Bundesliga West 2013/14"]
[Site "Salzburg"]
[Date "2013.10.19"]
[Round "2"]
[Board "2"]
[White "Fuchs, Georg"]
[Black "Koepke, Christian"]
[Result "0-1"]
[WhiteElo "2230"]
[BlackElo "2336"]
[PlyCount "112"]
[EventDate "2013.10.18"]
[EventType "team"]
[EventRounds "11"]
[EventCountry "AUT"]
[WhiteTeam "Schwaz"]
[BlackTeam "Kufstein / Woergl"]

1. e4 c5 2. Nf3 g6 3. Nc3 Bg7 4. d4 cxd4 5. Nxd4 Nc6 6. Be3 Nf6 7. f3 O-O 8.
Nb3 a5 9. Bb5 d5 10. exd5 Nb4 11. d6 Bf5 12. Nd4 Qxd6 13. Nxf5 Qe5 14. Nxe7+
Qxe7 15. Kf2 Rfd8 16. Qe2 Nfd5 17. Nxd5 Nxd5 18. c3 a4 19. a3 Ra5 20. Bd4 Bxd4+
21. cxd4 Qh4+ 22. Kf1 Qxd4 23. Re1 Ne3+ 24. Qxe3 Rxb5 25. Qxd4 Rxd4 26. Kf2
Rxb2+ 27. Re2 Rdd2 28. Rxd2 Rxd2+ 29. Kg3 Rd3 30. Ra1 Kf8 31. h4 Ke7 32. Kf4
Ke6 33. Ke4 Rd5 34. g4 f5+ 35. Kf4 fxg4 36. fxg4 h6 37. Ke4 Rb5 38. Kd4 Rb3 39.
Re1+ Kd7 40. Rf1 Rxa3 41. Rf7+ Kc8 42. Rg7 Rh3 43. Rxg6 Rxh4 44. Kc5 Rh3 45. g5
hxg5 46. Rxg5 Rb3 47. Rg4 b5 48. Kc6 Kd8 49. Rg7 a3 50. Ra7 b4 51. Kd6 Ke8 52.
Ke6 Kf8 53. Kf6 Rf3+ 54. Ke6 Rf2 55. Kd5 a2 56. Kc4 Rb2 0-1

[Event "2. Bundesliga West 2013/14"]
[Site "Salzburg"]
[Date "2013.10.19"]
[Round "2"]
[Board "3"]
[White "Bertagnolli, Alexander"]
[Black "Blaas, Hansjoerg"]
[Result "1-0"]
[WhiteElo "2333"]
[BlackElo "2261"]
[PlyCount "32"]
[EventDate "2013.10.18"]
[EventType "team"]
[EventRounds "11"]
[EventCountry "AUT"]
[WhiteTeam "Kufstein / Woergl"]
[BlackTeam "Schwaz"]

1. d4 d5 2. Nc3 Nf6 3. Bg5 e6 4. Qd2 c5 5. dxc5 Bxc5 6. e4 dxe4 7. Qxd8+ Kxd8
8. Nxe4 Be7 9. O-O-O+ Bd7 10. Nxf6 gxf6 11. Be3 Nc6 12. Nf3 Kc7 13. g3 Rad8 14.
Bg2 e5 15. a3 Be6 16. Bd2 Bc5 1-0

[Event "2. Bundesliga West 2013/14"]
[Site "Salzburg"]
[Date "2013.10.19"]
[Round "2"]
[Board "2"]
[White "Sucher, Johannes"]
[Black "Kleissl, Helmut"]
[Result "1/2-1/2"]
[WhiteElo "2198"]
[BlackElo "2291"]
[PlyCount "73"]
[EventDate "2013.10.18"]
[EventType "team"]
[EventRounds "11"]
[EventCountry "AUT"]
[WhiteTeam "Pradl"]
[BlackTeam "Zillertal"]

1. d4 c5 2. Nf3 cxd4 3. Nxd4 d5 4. g3 e5 5. Nb3 h6 6. Bg2 Nf6 7. O-O Nc6 8. Nc3
d4 9. Ne4 Nxe4 10. Bxe4 Be7 11. e3 O-O 12. Bxc6 bxc6 13. exd4 Bh3 14. Re1 Qd5
15. f3 Rad8 16. Be3 Bf6 17. c3 exd4 18. Bxd4 Bxd4+ 19. cxd4 Rfe8 20. Qd3 a5 21.
Rxe8+ Rxe8 22. Kf2 Rb8 23. Qc3 a4 24. Nc5 Ra8 25. a3 Qh5 26. Re1 Be6 27. Kg2
Qh3+ 28. Kg1 Bd5 29. Re3 h5 30. Nd3 Rb8 31. Nf4 Qf5 32. Re5 Qb1+ 33. Re1 Qxb2
34. Nxd5 cxd5 35. Re8+ Kh7 36. Qxb2 Rxb2 37. Ra8 1/2-1/2

[Event "2. Bundesliga West 2013/14"]
[Site "Salzburg"]
[Date "2013.10.19"]
[Round "2"]
[Board "3"]
[White "Platzgummer, Fabian"]
[Black "Meier, Alexander"]
[Result "1-0"]
[WhiteElo "2314"]
[BlackElo "2165"]
[PlyCount "62"]
[EventDate "2013.10.18"]
[EventType "team"]
[EventRounds "11"]
[EventCountry "AUT"]
[WhiteTeam "Zillertal"]
[BlackTeam "Pradl"]

1. Nf3 g6 2. e4 Bg7 3. d4 d6 4. Bc4 Nf6 5. Qe2 O-O 6. e5 Ne8 7. h3 c5 8. c3 d5
9. Bd3 b6 10. Be3 Nd7 11. h4 f5 12. h5 Nc7 13. Ng5 Re8 14. e6 Nf6 15. Nf7 Qd6
16. Nxd6 exd6 17. hxg6 hxg6 18. g3 Nxe6 19. Nd2 Ng4 20. Nf3 a6 21. O-O-O b5 22.
Qd2 Bb7 23. Kb1 Bc6 24. Rc1 a5 25. Ng5 Nxe3 26. Nxe6 Rxe6 27. fxe3 c4 28. Bc2
Rb8 29. g4 b4 30. gxf5 Re7 31. cxb4 axb4 1-0

[Event "2. Bundesliga West 2013/14"]
[Site "Salzburg"]
[Date "2013.10.19"]
[Round "2"]
[Board "4"]
[White "Matt, Stefan"]
[Black "Tabernig, Bernhard"]
[Result "0-1"]
[WhiteElo "2073"]
[BlackElo "2350"]
[PlyCount "84"]
[EventDate "2013.10.18"]
[EventType "team"]
[EventRounds "11"]
[EventCountry "AUT"]
[WhiteTeam "Pradl"]
[BlackTeam "Zillertal"]

1. e4 e6 2. d4 d5 3. Nc3 Nf6 4. Bg5 dxe4 5. Nxe4 Be7 6. Bxf6 gxf6 7. Nf3 f5 8.
Nc3 a6 9. Qd2 b5 10. O-O-O b4 11. Ne2 Bb7 12. Kb1 Nd7 13. Ng3 Nf6 14. Bc4 Bxf3
15. gxf3 c6 16. Qh6 Nd5 17. Nxf5 Bg5 18. Ng7+ Kd7 19. Qh5 Qf6 20. Rhg1 h6 21.
Bxd5 cxd5 22. Qh3 Qxg7 23. f4 Qf6 24. fxg5 hxg5 25. Qb3 a5 26. Qa4+ Ke7 27. Qb5
Qf4 28. Rge1 Kf6 29. Qb7 Rab8 30. Qa7 Rxh2 31. Qxa5 Rxf2 32. Qa6 g4 33. Qd3 Qf5
34. Qb3 Rc8 35. Rc1 Rc4 36. Qa4 g3 37. Re5 Qf4 38. Qe8 Rxd4 39. Rce1 Re4 40.
R5xe4 Qxe4 41. Qd8+ Kf5 42. Rc1 g2 0-1

[Event "2. Bundesliga West 2013/14"]
[Site "Salzburg"]
[Date "2013.10.19"]
[Round "2"]
[Board "5"]
[White "Kupfner, Franz"]
[Black "Lins, Philipp"]
[Result "1-0"]
[WhiteElo "2178"]
[BlackElo "2067"]
[PlyCount "125"]
[EventDate "2013.10.18"]
[EventType "team"]
[EventRounds "11"]
[EventCountry "AUT"]
[WhiteTeam "Zillertal"]
[BlackTeam "Pradl"]

1. Nf3 d6 2. d4 Bg4 3. g3 Bxf3 4. exf3 e6 5. Bg2 g6 6. O-O Bg7 7. c4 c6 8. Nc3
Ne7 9. d5 exd5 10. cxd5 O-O 11. Bg5 h6 12. Bf4 c5 13. Bh3 g5 14. Be3 Ng6 15.
Bf5 Qf6 16. Bh3 Na6 17. Bg2 Nc7 18. a4 Na6 19. Re1 Nb4 20. Rc1 b6 21. Bf1 Qf5
22. Be2 Rad8 23. g4 Qc8 24. b3 f5 25. h3 fxg4 26. fxg4 Nf4 27. Bf1 Be5 28. Ne4
Kh8 29. Bxf4 Rxf4 30. Rc4 Rdf8 31. Bg2 Qd7 32. Re2 Qg7 33. Ng3 Rxc4 34. bxc4
Qf6 35. Nf5 h5 36. Re3 h4 37. Re2 Rf7 38. Be4 Bf4 39. Bb1 Be5 40. a5 Qd8 41.
Qe1 Qf6 42. Qd1 bxa5 43. Qa4 Qd8 44. Nxd6 Bh2+ 45. Kxh2 Qxd6+ 46. Kg2 Qf6 47.
Bf5 Nd3 48. Bxd3 Qf3+ 49. Kh2 Qxd3 50. Qe8+ Kg7 51. Qe5+ Kg6 52. d6 Qd4 53.
Qxd4 cxd4 54. c5 Rd7 55. Kg2 Kf6 56. Kf3 d3 57. Rd2 Ke5 58. Rxd3 a4 59. Ke3 Ke6
60. Kd4 Rf7 61. Re3+ Kd7 62. Kd5 Rxf2 63. c6+ 1-0

[Event "2. Bundesliga West 2013/14"]
[Site "Salzburg"]
[Date "2013.10.19"]
[Round "2"]
[Board "6"]
[White "Praxmarer, Christian"]
[Black "Schiestl, Josef"]
[Result "0-1"]
[WhiteElo "1989"]
[BlackElo "2102"]
[PlyCount "62"]
[EventDate "2013.10.18"]
[EventType "team"]
[EventRounds "11"]
[EventCountry "AUT"]
[WhiteTeam "Pradl"]
[BlackTeam "Zillertal"]

1. f4 g6 2. Nf3 Bg7 3. e4 c5 4. Nc3 Nc6 5. a4 e6 6. Bc4 Nge7 7. O-O O-O 8. Ra3
d5 9. Ba2 b6 10. Kh1 Bb7 11. e5 Nb4 12. Bb1 d4 13. Nb5 Nf5 14. c3 dxc3 15. dxc3
Qxd1 16. Rxd1 Rfd8 17. Rd2 Rxd2 18. Nxd2 Nd5 19. Be4 a6 20. Nd6 Bc6 21. c4 Nb4
22. Bxc6 Nxc6 23. N2e4 Nxd6 24. Nxd6 Rd8 25. Bd2 f6 26. Rb3 fxe5 27. Ne4 Rd4
28. Rxb6 Rxe4 29. g3 Re2 30. Bc3 Nd4 31. fxe5 Nf3 0-1

[Event "2. Bundesliga West 2013/14"]
[Site "Salzburg"]
[Date "2013.10.19"]
[Round "2"]
[Board "1"]
[White "Milanovic, Danilo"]
[Black "Graf, Felix"]
[Result "1-0"]
[WhiteElo "2506"]
[BlackElo "2482"]
[PlyCount "69"]
[EventDate "2013.10.18"]
[EventType "team"]
[EventRounds "11"]
[EventCountry "AUT"]
[WhiteTeam "Dornbirn"]
[BlackTeam "Bregenz"]

1. d4 e6 2. c4 b6 3. Bf4 g5 4. Be5 Nf6 5. h4 d6 6. Bxf6 Qxf6 7. hxg5 Qxg5 8.
Nf3 Qg7 9. Nc3 Bb7 10. e3 a6 11. d5 c5 12. dxc6 Nxc6 13. Qb3 Be7 14. Rh3 Bd8
15. O-O-O Bc7 16. Nd4 Nxd4 17. Rxd4 Ke7 18. g3 h6 19. Bd3 f5 20. Be2 Rac8 21.
g4 e5 22. Nd5+ Bxd5 23. Rxd5 fxg4 24. Rg3 h5 25. Qa3 Qf6 26. Rg2 a5 27. Qd3
Rcf8 28. Qc2 Qh4 29. Bd1 Qh1 30. Rg3 Rf6 31. f4 gxf3 32. Rg7+ Kf8 33. Rxc7 f2
34. Rxd6 Qxd1+ 35. Qxd1 1-0

[Event "2. Bundesliga West 2013/14"]
[Site "Salzburg"]
[Date "2013.10.19"]
[Round "2"]
[Board "2"]
[White "Weindl, Alfred"]
[Black "Sergeev, Vladimir"]
[Result "1/2-1/2"]
[WhiteElo "2344"]
[BlackElo "2421"]
[PlyCount "110"]
[EventDate "2013.10.18"]
[EventType "team"]
[EventRounds "11"]
[EventCountry "AUT"]
[WhiteTeam "Bregenz"]
[BlackTeam "Dornbirn"]

1. Nf3 Nf6 2. g3 d5 3. Bg2 c6 4. O-O Bg4 5. d3 e6 6. Nbd2 a5 7. a3 Bh5 8. e4
Bc5 9. Qe1 O-O 10. Kh1 a4 11. Ng1 dxe4 12. dxe4 e5 13. f3 b5 14. Nb1 Nfd7 15.
Be3 Qb6 16. Bxc5 Qxc5 17. Qc1 f6 18. Nh3 Bf7 19. Nf2 Na6 20. Nd3 Qa7 21. Nb4
Qc5 22. Nxa6 Rxa6 23. Nc3 Nb6 24. Rd1 Raa8 25. Na2 Rfd8 26. Nb4 Nc4 27. Rxd8+
Rxd8 28. Nd3 Qe3 29. Qe1 Bh5 30. g4 Bf7 31. Qc3 h5 32. Re1 Qg5 33. gxh5 Bxh5
34. Re2 Rd4 35. Qe1 Qg6 36. Qh4 Qh6 37. Kg1 Nxb2 38. Nxb2 Qc1+ 39. Qe1 Qxb2 40.
c3 Qxa3 41. cxd4 exd4 42. e5 d3 43. Rf2 fxe5 44. Qxe5 Qc1+ 45. Rf1 d2 46. Qxh5
d1=Q 47. Qe8+ Kh7 48. Qh5+ Kg8 49. Qe8+ Kh7 50. Qe4+ g6 51. Rxd1 Qxd1+ 52. Bf1
Qc1 53. Qe7+ Kh6 54. Qh4+ Kg7 55. Qe7+ Kh6 1/2-1/2

[Event "2. Bundesliga West 2013/14"]
[Site "Salzburg"]
[Date "2013.10.19"]
[Round "2"]
[Board "3"]
[White "Klocker, Benedikt"]
[Black "Bezler, Rainer"]
[Result "1/2-1/2"]
[WhiteElo "2193"]
[BlackElo "2212"]
[PlyCount "53"]
[EventDate "2013.10.18"]
[EventType "team"]
[EventRounds "11"]
[EventCountry "AUT"]
[WhiteTeam "Dornbirn"]
[BlackTeam "Bregenz"]

1. d4 d5 2. c4 e6 3. Nf3 c6 4. e3 Bd6 5. b3 f5 6. Bd3 Nf6 7. O-O Qe7 8. Bb2 O-O
9. Qc1 b6 10. Ba3 Bb7 11. Bxd6 Qxd6 12. Qa3 Qxa3 13. Nxa3 Nbd7 14. Rac1 Ne4 15.
Rfd1 Rfe8 16. Nd2 Rac8 17. f3 Nxd2 18. Rxd2 Nf6 19. Rdc2 g6 20. Kf2 Kg7 21. b4
e5 22. b5 exd4 23. exd4 dxc4 24. Rxc4 Re6 25. Ra4 Ra8 26. Rac4 Rc8 27. Ra4
 1/2-1/2

[Event "2. Bundesliga West 2013/14"]
[Site "Salzburg"]
[Date "2013.10.19"]
[Round "2"]
[Board "5"]
[White "Gsteu, Peter"]
[Black "Poettinger, Harald"]
[Result "1-0"]
[WhiteElo "2146"]
[BlackElo "2224"]
[PlyCount "61"]
[EventDate "2013.10.18"]
[EventType "team"]
[EventRounds "11"]
[EventCountry "AUT"]
[WhiteTeam "Dornbirn"]
[BlackTeam "Bregenz"]

1. d4 d6 2. Nf3 g6 3. Bf4 Bg7 4. e3 Nd7 5. h3 e5 6. Bh2 Qe7 7. Be2 Ngf6 8. O-O
O-O 9. c4 Re8 10. Nc3 e4 11. Nd2 h5 12. b4 Nf8 13. a4 Bf5 14. a5 N8h7 15. b5
Qd7 16. b6 c6 17. a6 Bf8 18. axb7 Qxb7 19. bxa7 Rxa7 20. Rxa7 Qxa7 21. Qa1 Qd7
22. Qa6 Ng5 23. Rb1 Rc8 24. Rb7 Qe8 25. Bd1 Qe6 26. Rb6 Qe8 27. Ba4 Bd7 28. Rb7
h4 29. Qb6 Be7 30. Qa5 Bf8 31. Qxg5 {
1-0 (31) Gsteu,P (2108)-PÃPttinger,H (2256) 2. Bundesliga West 2013} 1-0

[Event "2. Bundesliga West 2013/14"]
[Site "Salzburg"]
[Date "2013.10.19"]
[Round "2"]
[Board "6"]
[White "Heilinger, Dietmar"]
[Black "Proyer, Enno"]
[Result "1-0"]
[WhiteElo "2193"]
[BlackElo "1956"]
[PlyCount "99"]
[EventDate "2013.10.18"]
[EventType "team"]
[EventRounds "11"]
[EventCountry "AUT"]
[WhiteTeam "Bregenz"]
[BlackTeam "Dornbirn"]

1. c4 f5 2. g3 Nf6 3. Bg2 e6 4. Nh3 Be7 5. O-O O-O 6. d3 d6 7. Nc3 Nc6 8. Nf4
Bd7 9. d4 Na5 10. b3 g5 11. Nd3 Nh5 12. e4 Ng7 13. f4 g4 14. exf5 exf5 15. Nd5
Re8 16. Bb2 Bf8 17. Qd2 c6 18. Ne3 b6 19. Rae1 Rc8 20. d5 c5 21. Nc2 b5 22. Qc3
Kf7 23. Rxe8 Bxe8 24. Re1 b4 25. Qd2 Rc7 26. Ncxb4 cxb4 27. Qxb4 Rb7 28. Qc3
Re7 29. Rxe7+ Qxe7 30. Qxa5 Qe2 31. Bf1 Qe3+ 32. Nf2 Nh5 33. Qc3 Qe7 34. Qd3
Bd7 35. Be2 Nf6 36. Bd4 a5 37. Qe3 Ne4 38. Nxe4 fxe4 39. h3 h5 40. h4 Bg7 41.
Bxg7 Kxg7 42. Qd4+ Kg8 43. Kf2 Kh7 44. Ke3 Bf5 45. c5 dxc5 46. Qe5 Qd7 47. Bc4
Kg6 48. d6 a4 49. Qxc5 axb3 50. axb3 1-0

[Event "2. Bundesliga West 2013/14"]
[Site "Salzburg"]
[Date "2013.10.19"]
[Round "2"]
[Board "1"]
[White "Wegener, Olaf"]
[Black "Breder, Dennis"]
[Result "1/2-1/2"]
[WhiteElo "2437"]
[BlackElo "2461"]
[PlyCount "42"]
[EventDate "2013.10.18"]
[EventType "team"]
[EventRounds "11"]
[EventCountry "AUT"]
[WhiteTeam "Rochade Rum"]
[BlackTeam "Hohenems II"]

1. e4 e6 2. d4 d5 3. Nd2 c5 4. Ngf3 cxd4 5. Nxd4 Nc6 6. Bb5 Bd7 7. Nxc6 Bxc6 8.
Bxc6+ bxc6 9. c4 Qa5 10. Qb3 Rd8 11. O-O Nf6 12. cxd5 cxd5 13. exd5 Nxd5 14.
Nc4 Qa6 15. Rd1 Be7 16. Ne3 Nf4 17. Rxd8+ Bxd8 18. Bd2 O-O 19. Qc4 Qxc4 20.
Nxc4 Nd5 21. Rc1 Bf6 1/2-1/2

[Event "2. Bundesliga West 2013/14"]
[Site "Salzburg"]
[Date "2013.10.19"]
[Round "2"]
[Board "5"]
[White "Heinzel, Olaf"]
[Black "Jedlicka, Robert"]
[Result "1-0"]
[WhiteElo "2366"]
[BlackElo "2095"]
[PlyCount "73"]
[EventDate "2013.10.18"]
[EventType "team"]
[EventRounds "11"]
[EventCountry "AUT"]
[WhiteTeam "Rochade Rum"]
[BlackTeam "Hohenems II"]

1. d4 e6 2. Bf4 Nf6 3. e3 d5 4. Nf3 c5 5. c3 Nc6 6. Nbd2 Bd6 7. Bg3 O-O 8. Bd3
Qe7 9. Ne5 Bxe5 10. dxe5 Nd7 11. f4 f5 12. Nf3 c4 13. Bc2 Nc5 14. Bh4 Qc7 15.
g4 Qb6 16. gxf5 exf5 17. Rb1 Be6 18. Ng5 g6 19. Bf2 Rae8 20. Nxe6 Nxe6 21. Qxd5
Qa6 22. a4 Ne7 23. Qb5 Qc6 24. Qxc6 Nxc6 25. Bh4 g5 26. Rg1 h6 27. Rd1 Kh8 28.
Bg3 Rd8 29. Ke2 Ne7 30. Rd6 Rxd6 31. exd6 Nc8 32. fxg5 hxg5 33. Be5+ Kg8 34. h4
f4 35. exf4 Nxf4+ 36. Bxf4 Rxf4 37. d7 1-0

[Event "2. Bundesliga West 2013/14"]
[Site "Salzburg"]
[Date "2013.10.19"]
[Round "2"]
[Board "6"]
[White "Hofer, Emilian"]
[Black "Jedinger, Andreas"]
[Result "0-1"]
[WhiteElo "2046"]
[BlackElo "2169"]
[PlyCount "64"]
[EventDate "2013.10.18"]
[EventType "team"]
[EventRounds "11"]
[EventCountry "AUT"]
[WhiteTeam "Hohenems II"]
[BlackTeam "Rochade Rum"]

1. e4 e5 2. Nf3 Nc6 3. Bb5 Nge7 4. O-O g6 5. c3 a6 6. Ba4 Bg7 7. Re1 O-O 8. d3
b5 9. Bb3 d5 10. h3 h6 11. Nbd2 Be6 12. Nf1 Qd6 13. Ng3 f5 14. a4 Kh7 15. Qc2
Na5 16. Ba2 c5 17. b4 cxb4 18. cxb4 Rac8 19. Qb2 Nac6 20. Bd2 fxe4 21. dxe4
Rxf3 22. gxf3 Nd4 23. Rec1 Rf8 24. Kg2 Nxf3 25. Rh1 Nh4+ 26. Kg1 Qd7 27. Kf1
Bxh3+ 28. Ke1 Qg4 29. Rxh3 Ng2+ 30. Kf1 Qxh3 31. Ke2 Qg4+ 32. Kd3 Rxf2 0-1

[Event "2. Bundesliga West 2013/14"]
[Site "Salzburg"]
[Date "2013.10.19"]
[Round "2"]
[Board "1"]
[White "Medvegy, Zoltan"]
[Black "Roth, Peter"]
[Result "1-0"]
[WhiteElo "2516"]
[BlackElo "2191"]
[PlyCount "44"]
[EventDate "2013.10.18"]
[EventType "team"]
[EventRounds "11"]
[EventCountry "AUT"]
[WhiteTeam "Ranshofen"]
[BlackTeam "ASK Salzburg 1"]

1. d4 g6 2. e4 Bg7 3. Nc3 d6 4. f4 Nf6 5. Nf3 O-O 6. Bd3 Na6 7. O-O c5 8. d5
Nc7 9. a4 e6 10. dxe6 Nxe6 11. Bc4 Nd4 12. Nxd4 cxd4 13. Qxd4 Ng4 14. Qd2 Qc7
15. Bd5 Qc5+ 16. Kh1 Bd4 17. Nd1 Bg7 18. Ra3 Nf6 19. b4 Qc7 20. Nc3 (20. Qe3
Bd7 21. Qd3 Rac8 22. Be3 Rfe8 23. Bb3 a6 24. Bd4 Bc6 25. Bxf6 Bxf6) 20... Bd7
21. Qd3 Rac8 22. Be3 Rfe8 1-0

[Event "2. Bundesliga West 2013/14"]
[Site "Salzburg"]
[Date "2013.10.19"]
[Round "2"]
[Board "2"]
[White "Harringer, Franz"]
[Black "Konnyu, Janos"]
[Result "0-1"]
[WhiteElo "2264"]
[BlackElo "2314"]
[PlyCount "64"]
[EventDate "2013.10.18"]
[EventType "team"]
[EventRounds "11"]
[EventCountry "AUT"]
[WhiteTeam "ASK Salzburg 1"]
[BlackTeam "Ranshofen"]

1. e4 c6 2. d4 d5 3. e5 Bf5 4. h4 c5 5. dxc5 Nc6 6. Bb5 Qa5+ 7. Nc3 O-O-O 8.
Bxc6 bxc6 9. Qd4 Bxc2 10. Nf3 e6 11. b4 Qa6 12. Qd2 Be4 13. Nd4 Bxg2 14. Rg1
Be4 15. Rg3 Ne7 16. b5 Qb7 17. f3 Nf5 18. bxc6 Qa6 19. c7 Rd7 20. c6 Rxc7 21.
Rh3 Qb6 22. fxe4 Qxd4 23. Qxd4 Nxd4 24. Kd2 dxe4 25. Nxe4 Bb4+ 26. Kd3 Nxc6 27.
Kc4 Rd8 28. Bb2 a5 29. a3 Nd4+ 30. Kd3 Nc2+ 31. Ke2 Nxa1 32. Bxa1 Rc2+ 0-1

[Event "2. Bundesliga West 2013/14"]
[Site "Salzburg"]
[Date "2013.10.19"]
[Round "2"]
[Board "3"]
[White "Dovzik, Juri"]
[Black "Juergens, Klaus"]
[Result "0-1"]
[WhiteElo "2335"]
[BlackElo "2140"]
[PlyCount "56"]
[EventDate "2013.10.18"]
[EventType "team"]
[EventRounds "11"]
[EventCountry "AUT"]
[WhiteTeam "Ranshofen"]
[BlackTeam "ASK Salzburg 1"]

1. d4 g6 2. g3 Bg7 3. Bg2 d6 4. e4 Nf6 5. Ne2 O-O 6. O-O Nc6 7. d5 Ne5 8. f4
Nc4 9. b3 Ng4 10. bxc4 Bxa1 11. c3 c6 12. Nd4 Qb6 13. Qb3 e5 14. fxe5 dxe5 15.
c5 Qa5 16. Nc2 Qxc5+ 17. Kh1 Nf2+ 18. Rxf2 Qxf2 19. Be3 Qe2 20. h3 cxd5 21. Bg1
d4 22. Nxa1 d3 23. c4 Be6 24. Nc3 Qe1 25. Nd1 Rac8 26. Ne3 Qxa1 27. Qxd3 Bxc4
28. Nxc4 Rfd8 0-1